<?xml version="1.0" encoding="UTF-8"?>
<record
    xmlns:xsi="http://www.w3.org/2001/XMLSchema-instance"
    xsi:schemaLocation="http://www.loc.gov/MARC21/slim http://www.loc.gov/standards/marcxml/schema/MARC21slim.xsd"
    xmlns="http://www.loc.gov/MARC21/slim">

  <leader>01933cam a2200313 i 4500</leader>
  <controlfield tag="003">EG-ScBUE</controlfield>
  <controlfield tag="005">20260105101311.0</controlfield>
  <controlfield tag="008">160917t2017    enka   f b    001 0 eng d</controlfield>
  <datafield tag="020" ind1=" " ind2=" ">
    <subfield code="a">9780128095812</subfield>
  </datafield>
  <datafield tag="040" ind1=" " ind2=" ">
    <subfield code="a">IDEBK</subfield>
    <subfield code="b">eng</subfield>
    <subfield code="e">rda</subfield>
    <subfield code="c">IDEBK</subfield>
    <subfield code="d">OCLCO</subfield>
    <subfield code="d">Uk</subfield>
    <subfield code="d">EG-ScBUE</subfield>
  </datafield>
  <datafield tag="082" ind1="0" ind2="4">
    <subfield code="a">547</subfield>
    <subfield code="b">PIR</subfield>
    <subfield code="2">22</subfield>
  </datafield>
  <datafield tag="100" ind1="1" ind2=" ">
    <subfield code="a">Pirrung, Michael,</subfield>
    <subfield code="e">author.</subfield>
  </datafield>
  <datafield tag="245" ind1="1" ind2="0">
    <subfield code="a">Handbook of synthetic organic chemistry /</subfield>
    <subfield code="c">Michael C. Pirrung.</subfield>
  </datafield>
  <datafield tag="246" ind1="3" ind2="0">
    <subfield code="a">Synthetic organic chemistry</subfield>
  </datafield>
  <datafield tag="250" ind1=" " ind2=" ">
    <subfield code="a">Second edition.</subfield>
  </datafield>
  <datafield tag="264" ind1=" " ind2="1">
    <subfield code="a">London : </subfield>
    <subfield code="b">Academic Press, / Elsevier,</subfield>
    <subfield code="c">[2017]</subfield>
  </datafield>
  <datafield tag="264" ind1=" " ind2="4">
    <subfield code="c">c2017</subfield>
  </datafield>
  <datafield tag="300" ind1=" " ind2=" ">
    <subfield code="a">xii, 272 pages :</subfield>
    <subfield code="b">illustrations (some color) ;</subfield>
    <subfield code="c">24 cm</subfield>
  </datafield>
  <datafield tag="336" ind1=" " ind2=" ">
    <subfield code="2">rdacontent</subfield>
    <subfield code="a">text</subfield>
    <subfield code="b">txt</subfield>
  </datafield>
  <datafield tag="337" ind1=" " ind2=" ">
    <subfield code="a">unmediated</subfield>
    <subfield code="2">rdamedia</subfield>
    <subfield code="b">n</subfield>
  </datafield>
  <datafield tag="338" ind1=" " ind2=" ">
    <subfield code="a">volume</subfield>
    <subfield code="b">nc</subfield>
    <subfield code="2">rdacarrier</subfield>
  </datafield>
  <datafield tag="504" ind1=" " ind2=" ">
    <subfield code="a">Includes bibliographical references and index.</subfield>
  </datafield>
  <datafield tag="505" ind1="0" ind2=" ">
    <subfield code="a">1. Safety&lt;br&gt;2. Searching the literature&lt;br&gt;3. Reagents&lt;br&gt;4. Gases&lt;br&gt;5. Reactions on a small scale --&#xA0;1-25 mmol&lt;br&gt;6. Temperature control&lt;br&gt;7. Solvents&lt;br&gt;8. The research notebook&lt;br&gt;9. Conducting the reaction itself&lt;br&gt;10. Following the reaction&lt;br&gt;11. Working up reactions&lt;br&gt;12. Evaporation&lt;br&gt;13. Vacuum systems&lt;br&gt;14. Purification of products&lt;br&gt;15. Methods for structure elucidation&lt;br&gt;16. Cleaning up after the reaction&lt;br&gt;17. Specific examples&lt;br&gt;18. Strategies for reaction optimization&lt;br&gt;Appendices&lt;br&gt;1. Safety protocols&lt;br&gt;2. Synthetic solvent selection chart&lt;br&gt;3. Solvent miscibility&lt;br&gt;4. Freezing points of common organic solvents&lt;br&gt;5. Toxicities of common organic solvents&lt;br&gt;6. Recipes for TLC stains&lt;br&gt;7. NMR spectral data of common contaminants of organic and organometallic reaction products&lt;br&gt;8. Acidities of organic functional groups&lt;br&gt;9. Acidities of organic functional groups in DMSO&lt;br&gt;10. Stuck joints</subfield>
  </datafield>
  <datafield tag="650" ind1=" " ind2="7">
    <subfield code="a">Organic compounds</subfield>
    <subfield code="x">Synthesis.</subfield>
    <subfield code="2">BUEsh</subfield>
    <subfield code="9">41977</subfield>
  </datafield>
  <datafield tag="651" ind1=" " ind2=" ">
    <subfield code="2">BUEsh</subfield>
  </datafield>
  <datafield tag="653" ind1=" " ind2=" ">
    <subfield code="b">ENGCHE</subfield>
    <subfield code="c">March2019</subfield>
  </datafield>
  <datafield tag="655" ind1=" " ind2=" ">
    <subfield code="v">Reading book</subfield>
  </datafield>
  <datafield tag="942" ind1=" " ind2=" ">
    <subfield code="2">ddc</subfield>
    <subfield code="c">BB</subfield>
  </datafield>
  <datafield tag="999" ind1=" " ind2=" ">
    <subfield code="c">27250</subfield>
    <subfield code="d">27221</subfield>
  </datafield>
  <datafield tag="952" ind1=" " ind2=" ">
    <subfield code="0">0</subfield>
    <subfield code="1">0</subfield>
    <subfield code="2">ddc</subfield>
    <subfield code="4">0</subfield>
    <subfield code="7">0</subfield>
    <subfield code="8">Baccah</subfield>
    <subfield code="a">MAIN</subfield>
    <subfield code="b">MAIN</subfield>
    <subfield code="c">1ST</subfield>
    <subfield code="d">2019-03-18</subfield>
    <subfield code="e">Purchase</subfield>
    <subfield code="g">2199.00</subfield>
    <subfield code="h">173</subfield>
    <subfield code="l">0</subfield>
    <subfield code="o">547 PIR</subfield>
    <subfield code="p">000043262</subfield>
    <subfield code="r">2025-07-15 00:00:00</subfield>
    <subfield code="v">2748.75</subfield>
    <subfield code="y">BB</subfield>
  </datafield>
</record>
